| 000 | 00711cam a22002653a 4500 | ||
|---|---|---|---|
| 001 | 30844 | ||
| 003 | PGUSA | ||
| 005 | 20140828083651.0 | ||
| 008 | 100104s2010||||xxu|||||s|||||000 1 eng d | ||
| 040 |
_aPGUSA _beng |
||
| 042 | _adc | ||
| 050 | 4 | _aPS | |
| 100 | 1 | _aLewis, Irwin | |
| 245 | 1 | 0 |
_a"To Invade New York...." _h[electronic resource] / _cIrwin Lewis |
| 260 |
_bProject Gutenberg, _c2010 |
||
| 506 | _aPublic domain in the USA. | ||
| 516 | _aElectronic text | ||
| 653 | _aScience fiction | ||
| 653 | _aNew York (N.Y.) -- Fiction | ||
| 653 | _aShort stories | ||
| 700 | 1 | _aSummers, Leo | |
| 830 | 0 |
_aProject Gutenberg _v30844 |
|
| 856 | 4 | 0 | _uhttp://www.gutenberg.org/ebooks/30844 |
| 942 | _cEB | ||
| 999 |
_c260099 _d260099 |
||